000 00487nam a2200181 a 4500
001 1766824441734
003 YourLibrary
005 20251229124159.0
008 251227s2008##################000#0#eng##
020 _a9781405177580
082 0 4 _a205
_bSCH
100 1 _aSchweiker, William,
_eauthor.
245 1 0 _aThe Blackwell Companion to Religious Ethics :
260 _bWiley-Blackwell,
_c2008.
650 0 _aReligion.
942 _cENGLISH
040 _aYourLibrary
_beng
_cYourLibrary
999 _c605715
_d605715